| 000 | 00419nam a22001097a 4500 | ||
|---|---|---|---|
| 008 | 150928b xxu||||| |||| 00| 0 eng d | ||
| 100 | _aRegeling, Henry | ||
| 245 | _aService Stamps of Denmark 1871 - 1923 | ||
| 260 |
_aCopenhagen, Denmark _bCopenhagen’s Philatelist Club _c1999 |
||
| 500 | _3bilingual-text, specialized handbook on “TJENESTE FRIMARKE” (official stamps), hardbound (2 copies) | ||
| 650 | _aofficial stamps | ||
| 999 |
_c1727 _d1727 |
||